Využitie predikcie v riadení systémov

Gespeichert in:
Bibliographische Detailangaben
1. Verfasser: Kyrylova, Anhelina (Verfasst von)
Weitere Verfasser: Miklovičová, Eva (Betreuung Doktorarbeit)
Format: Manuskript Buch
Sprache:Slowakisch
Veröffentlicht: Bratislava : STU v Bratislave FEI, 2025
Schlagworte:
Online-Zugang:https://opac.crzp.sk/?fn=detailBiblioFormChildQ7593&sid=C218772124E30DDCC30788A0749F&seo=CRZP-detail-kniha
Tags: Tag hinzufügen
Keine Tags, Fügen Sie das erste Tag hinzu!

MARC

LEADER 00000ntm a22000003a 4500
001 stuzp96769
003 SK-STU
005 20260210094658.0
007 ta
008 150427s2015----xo-----f-mn---000-0-slo-d
040 |a STU  |b slo 
041 0 |a slo 
044 |a xo 
100 1 |a Kyrylova, Anhelina  |u 031000  |4 aut  |U FEI Fakulta elektrotechniky a informatiky  |T FEI Ústav robotiky a kybernetiky  |X 117622  |U E011  |Y 356  |7 117622 
242 0 1 |a Prediction in Control Systems  |y eng 
245 1 0 |a Využitie predikcie v riadení systémov 
260 |a Bratislava :  |b STU v Bratislave FEI,  |c 2025 
300 |a 62 s. 
650 4 |a Predikcia  |2 slo 
650 4 |a prediktívne riadenie  |2 slo 
650 4 |a lineárny systém  |2 slo 
650 4 |a predictive control  |2 eng 
650 4 |a linear system  |2 eng 
650 4 |a Prediction  |2 eng 
700 1 |a Miklovičová, Eva  |u 039101  |k Z8  |4 ths  |U FEI Sekretariát dekana  |T FEI Kancelária dekana  |X 4909  |U 039101  |Y 700  |7 A000004909 
856 4 |u https://opac.crzp.sk/?fn=detailBiblioFormChildQ7593&sid=C218772124E30DDCC30788A0749F&seo=CRZP-detail-kniha